LEADER 01049nam a2200253 i 4500 001 000000069259 003 CaOOAMICUS 005 20250512135050.0 008 150924s1989 it u000 u ita u 040 $aSeMil$bita 100 1 $aGatti, Roberto,$d<1951- >.$0(OLS)http://semarc/name/34598 245 10$aPensare la democrazia :$bitinerari del pensiero politico contemporaneo /$cRoberto Gatti. 264 1$aRoma :$bAVE,$c1989. 300 $aXV, 371 p. ;$c24 cm. 490 1 $aPolis ;$v1 650 4$aPensiero politico contemporaneo.$0(OLS)http://semarc/subject/57555 650 4$aDemocrazia.$0(OLS)http://semarc/subject/359 830 0$aPolis ;$v1.$0(OLS)http://semarc/title/578 850 $aSeMil 852 $aSeMil$W1$xVenegono$y1$m3TA O 1$j256756$B35412$CSeMilBibl$Z2$F35415 $81 961 $aAcquisto: Casa editrice 996 $6245$aPensare la democrazia :$bitinerari del pensiero politico contemporaneo$9(OLS)http://semarc/title/110838 996 $6264$aRoma :$bAVE$9(OLS)http://semarc/publisher/30251 LEADER 00853nam a2200229 i 4500 001 000000078579 003 CaOOAMICUS 005 20251017140459.0 008 150805s1803 xx u000 u fre u 013 $a50816 026 $aerne syi- ntut dide (3) 1803 (R) 040 $aSeMil$bita 245 10$aTome 1. 300 $aXVI, 312 p. 500 $aSegn.: a8 A-N12. 773 0 $aRodríguez, Alonso $tAbrégé de la pratique de la perfection chrétienne. Tiré des oeuvres du R. P. Alphonse Rodriguez, de la Compagnie de Jesus. Tome 1. [-2.].$dA Lyon : Chez Amable Leroy, 1803.$g1$w()32364 850 $aSeMil 852 $aSeMil$W1$xVenegono$y1$m3F III 375 FA$j44472$B44472$CSeMilBibl$Z2$F46175 $8I 941 1 $a10 961 $aRecupero: Mantegazza 996 $6245$aTome 1$9(OLS)http://semarc/title/1447